|
|
แสดงรายละเอียดบรรณานุกรม |
|
|
Brief Record
: Get Marc (ISO 2709)
: E-mail record
: |
|
|
| LEADER 00000nam 2200000uu 4500 | |||
| 001 205684 | |||
| 003 ULIBM | |||
| 008 101028s||||||||th 000 0 tha d | |||
| 060 0 WM 430 ส691ม 2553 | |||
| 110 1 ^aสำนักงานหลักประกันสุขภาพแห่งชาติ | |||
| 245 00 ^aมิตรภาพบำบัด = Friendship support เพื่อนช่วยเพื่อน ด้วยหัวใจความเป็นมนุษย์. | |||
| 260 ^aกรุงเทพฯ : ^bสำนักงานหลักประกันสุขภาพ, ^c2553. | |||
| 300 ^a264 หน้า, ^bภาพประกอบ | |||
| 650 0 ^aการบำบัด - - ^xมิตรภาพ. | |||
| 650 0 ^aเพื่อนช่วยเพื่อน. | |||
| 650 0 ^aการบริการสุขภาพ | |||
| 710 1 ^aสำนักงานงานหลักประกันสุขภาพแห่งชาติ | |||
| 999 ^aกรินทร์ | |||
| คุณยังไม่ได้ล็อกอิน คุณสามารถมีกิจกรรมร่วมกับเว็บไซต์ได้ แต่ต้องล็อกอินก่อน :: |
|
| สถานะ | |||||||||
| 1. | หนังสือทั่วไป สถานะ=หนังสือเก่า - บริการ ณ ห้องสมุด (ห้องเหลือง) | WM 430 ส691ม 2553 | On Shelf ขอยืม | ||||||
| 2. | หนังสือทั่วไป สถานะ=หนังสือเก่า - บริการ ณ ห้องสมุด (ห้องเหลือง) | WM 430 ส691ม 2553 ฉ.2 | On Shelf ขอยืม | ||||||
| [แสดง 2/2 รายการ] | |||||||||
BibComment |
| คอมเมนท์ทรัพยากรรายการนี้ |
|
|